000 01413nam a2200265 a 4500
001 000046623
003 DO-SdBNP
005 20250129073606.0
007 ta
008 140602s2011 dr a 000 0 spa d
020 _a9789945405989
040 _aDO-SdBNP
_bspa
_cBNPHU
082 4 _222
100 1 _aNúñez, Juan Gilberto
_934480
245 1 0 _aDuarte en mi corazón de niño /
_cJuan Gilberto Núñez ; prólogo Juan Daniel Balcácer.
250 _a2a. ed.
260 _aBogotá :
_bComisión Permanente de Efemérides Patrias,
_c2011.
300 _a100 [12] p. :
_bil. ;
_c25 cm.
500 _aIncluye datos biográficos del autor
505 0 _aDedicatoria -- Prólogo-- Duarte en mi corazón de niño -- Perfil biográfico de Juan Pablo Duarte -- Naciminto y bautizo -- El niño -- Viaje a Norteamerica y Europa -- Retorno a Santo Domingo -- Inicio de la causa libertadorra -- Músico, poeta y soñador -- Procesión de Nuestra Señora del Carmen -- Fundación de La Trinitaria-- La filantrópica -- La dramática Revolución de la reforma -- Persecución y destierro a Curazao -- Labor independentista en el exilio -- De regreso a la reciente República Dominicana -- Entrada triunfal -- El general Duarte.
590 _aInventariado, 2023/BT
700 1 _aBalcácer, Juan Daniel,
_d1949-
_epról.
_96566
710 2 _aFundación Luces y Sombras (República Dominicana)
_974620
942 _2ddc
_cLBS1
999 _c46112
_d46112